Open Data Biblioteca Nacional de Portugal


República Portuguesa: Ministério da Cultura
Biblioteca Nacional de Portugal

Catálogo da BNP: acesso por Identificadores Unívocos
Registos Bibliográficos associados ao registo de autoridade

Etiqueta de registo: 00000nam 2200025 450
001 2288447
003 http://id.bnportugal.gov.pt/bib/catbnp/2288447
100 ## $a20260622d2026 k y0pory01030103ba
101 0# $apor$deng
102 ## $aPT
105 ## $aa m 000yy
106 ## $ar
200 1# $aDo excesso de identidade à identidade zero$edesafios significativos para a educação artística$fAna Sofia Ré de Oliveira Palmela$gorient. João Paulo Gomes de Araujo Queiroz, Maria Margarida Teixeira Barradas Calado
210 #9 $aLisboa$c[s.n.],$d2026
215 ## $aXIV, 376 f.$cil.$d30 cm
328 #1 $aTese dout. Educação Artística, Instituto de Educação, Faculdade de Belas-Artes, Universidade de Lisboa, 2026
700 #1 $aPalmela,$bAna Sofia Ré de Oliveira$32001221
702 #1 $aQueiroz,$bJoão Paulo,$f1966-$4727$3960206
702 #1 $aCalado,$bMargarida,$f1947-$4727$327442
801 #0 $aPT$bBN$gRPC
966 ## $lBN$mFGMON$x1
971 ## $corlando$d20260622

OpendataBNP@bnportugal.pt | Mais informação sobre acesso aos dados BNP